| 000 | 00434nam a2200157Ia 4500 | ||
|---|---|---|---|
| 008 | 230917s9999||||xx |||||||||||||| ||und|| | ||
| 020 | _cRS185 | ||
| 040 |
_e12762 _aMAIN |
||
| 041 | _aEnglish | ||
| 082 | _a380.509 N167G | ||
| 100 | _aNaresh Kamar | ||
| 245 | 0 | _aGeography of transportation: Commodity flows and human interactions in Meerut city | |
| 260 |
_aNew Delhi _bConcept Publishing _c1991 |
||
| 300 | _a271 p. | ||
| 942 | _cBK | ||
| 999 |
_c75346 _d75346 |
||